|
|
|
|
| LEADER |
00000nam0a2200000 4500 |
| 001 |
103184 |
| 005 |
20240123111712.0 |
| 035 |
|
|
|a (RuTPU)RU\TPU\book\111255
|
| 035 |
|
|
|a RU\TPU\book\67790
|
| 090 |
|
|
|a 103184
|
| 100 |
|
|
|a 20061013d2006 m y0rusy50 ca
|
| 101 |
0 |
|
|a rus
|
| 102 |
|
|
|a RU
|
| 105 |
|
|
|a y j 001zy
|
| 200 |
1 |
|
|a Экономика энергетики
|e учебное пособие
|f Л. М. Борисова, Е. А. Гершанович
|g Томский политехнический университет (ТПУ), Институт дистанционного образования (ИДО)
|
| 210 |
|
|
|a Томск
|c Изд-во ТПУ
|d 2006
|
| 215 |
|
|
|a 203 с.
|
| 225 |
1 |
|
|a Учебники Томского политехнического университета
|
| 320 |
|
|
|a Библиогр.: с. 204.
|
| 330 |
|
|
|a В учебном пособии в краткой форме изложены основы отраслевой экономики предприятий электроэнергетики. Показаны место и роль отрасли в национальной экономике, её состав, структура, особенности функционирования и реформирования. Особое внимание уделено вопросам экономики и управления предприятиями электроэнергетического комплекса. Пособие подготовлено на кафедре экономики, соответствует программе дисциплины и предназначено для студентов электротехнических специальностей 140203, 140205, 140211 Института дистанционного образования.
|
| 451 |
|
1 |
|0 (RuTPU)RU\TPU\book\67790
|t Экономика энергетики
|o учебное пособие
|f Л. М. Борисова, Е. А. Гершанович
|g Томский политехнический университет
|c Томск
|n Изд-во ТПУ
|d 2005
|p 207 с.
|s Учебники Томского политехнического университета
|a Борисова, Людмила Михайловна
|
| 610 |
1 |
|
|a энергетика
|
| 610 |
1 |
|
|a экономика
|
| 610 |
1 |
|
|a Россия
|
| 610 |
1 |
|
|a топливно-энергетический комплекс
|
| 610 |
1 |
|
|a энергетические ресурсы
|
| 610 |
1 |
|
|a использование
|
| 610 |
1 |
|
|a структура
|
| 610 |
1 |
|
|a маркетинг
|
| 610 |
1 |
|
|a производственные фонды
|
| 610 |
1 |
|
|a труд
|
| 610 |
1 |
|
|a кадры
|
| 610 |
1 |
|
|a заработная плата
|
| 610 |
1 |
|
|a себестоимость
|
| 610 |
1 |
|
|a издержки
|
| 610 |
1 |
|
|a цены
|
| 610 |
1 |
|
|a тарифы
|
| 610 |
1 |
|
|a электрическая энергия
|
| 610 |
1 |
|
|a прибыль
|
| 610 |
1 |
|
|a рентабельность
|
| 610 |
1 |
|
|a энергетические предприятия
|
| 610 |
1 |
|
|a учет
|
| 610 |
1 |
|
|a отчетность
|
| 610 |
1 |
|
|a учебные пособия
|
| 675 |
|
|
|a 620.9:658(075.8)
|v 3
|
| 700 |
|
1 |
|a Борисова
|b Л. М.
|c экономист
|c доцент Томского политехнического университета, кандидат экономических наук
|f 1976-
|g Людмила Михайловна
|3 (RuTPU)RU\TPU\pers\25991
|9 11840
|
| 701 |
|
1 |
|a Гершанович
|b Е. А.
|g Елена Анатольевна
|
| 712 |
0 |
2 |
|a Томский политехнический университет (ТПУ)
|b Институт дистанционного образования (ИДО)
|3 (RuTPU)RU\TPU\col\12625
|
| 801 |
|
1 |
|a RU
|b 63413507
|c 20040520
|g PSBO
|
| 801 |
|
2 |
|a RU
|b 63413507
|c 20181206
|g PSBO
|
| 942 |
|
|
|c BK
|